Neurology and general medicine : (Record no. 464)

000 -LEADER
fixed length control field 01325nam a22003857a 4500
001 - CONTROL NUMBER
control field 3486289
003 - CONTROL NUMBER IDENTIFIER
control field OSt
005 - DATE AND TIME OF LATEST TRANSACTION
control field 20210420062058.0
008 - FIXED-LENGTH DATA ELEMENTS--GENERAL INFORMATION
fixed length control field 940601s1995 nyua b 001 0 eng c
010 ## - LIBRARY OF CONGRESS CONTROL NUMBER
LC control number 94013196
020 ## - INTERNATIONAL STANDARD BOOK NUMBER
International Standard Book Number 0443089337
040 ## - CATALOGING SOURCE
Original cataloging agency eng
Transcribing agency DLC
Modifying agency eng
041 ## - LANGUAGE CODE
Language code of text/sound track or separate title eng
050 00 - LIBRARY OF CONGRESS CALL NUMBER
Classification number RC347
Item number .N479 1995
060 10 - NATIONAL LIBRARY OF MEDICINE CALL NUMBER
Classification number WL 340 N4932 1995
080 ## - UNIVERSAL DECIMAL CLASSIFICATION NUMBER
Universal Decimal Classification number 616.8
Item number A-48
082 00 - DEWEY DECIMAL CLASSIFICATION NUMBER
Classification number 616.047
Edition number 20
100 ## - MAIN ENTRY--PERSONAL NAME
9 (RLIN) 386
Personal name Aminoff, J. Michael
Relator term Editor
245 00 - TITLE STATEMENT
Title Neurology and general medicine :
Remainder of title the neurological aspects of medical disorders /
Statement of responsibility, etc. edited by Michael J. Aminoff.
250 ## - EDITION STATEMENT
Edition statement 2nd ed.
260 ## - PUBLICATION, DISTRIBUTION, ETC.
Place of publication, distribution, etc. New York :
Name of publisher, distributor, etc. Churchill Livingstone,
Date of publication, distribution, etc. 1995.
300 ## - PHYSICAL DESCRIPTION
Extent xx, 999 p. :
Other physical details ill. ;
Dimensions 27 cm.
365 ## - TRADE PRICE
Price amount 129.95 usd
504 ## - BIBLIOGRAPHY, ETC. NOTE
Bibliography, etc. note Includes bibliographical references and index.
650 #0 - SUBJECT ADDED ENTRY--TOPICAL TERM
Topical term or geographic name entry element Neurologic manifestations of general diseases.
650 #2 - SUBJECT ADDED ENTRY--TOPICAL TERM
Topical term or geographic name entry element Neurologic Manifestations.
650 #2 - SUBJECT ADDED ENTRY--TOPICAL TERM
Topical term or geographic name entry element Nervous System Diseases
General subdivision complications.
650 #0 - SUBJECT ADDED ENTRY--TOPICAL TERM
Topical term or geographic name entry element Medicine
9 (RLIN) 69
653 ## - INDEX TERM--UNCONTROLLED
Uncontrolled term ნევროლოგია
653 ## - INDEX TERM--UNCONTROLLED
Uncontrolled term მედიცინა
700 1# - ADDED ENTRY--PERSONAL NAME
Personal name Aminoff, Michael J.
Fuller form of name (Michael Jeffrey)
906 ## - LOCAL DATA ELEMENT F, LDF (RLIN)
a 7
b cbc
c orignew
d 1
e ocip
f 19
g y-gencatlg
942 ## - ADDED ENTRY ELEMENTS (KOHA)
Source of classification or shelving scheme
Koha item type Books
Edition 2
Holdings
Withdrawn status Lost status Source of classification or shelving scheme Damaged status Not for loan Permanent location Current location Date acquired Inventory number Total Checkouts Full call number Barcode Date last seen Price effective from Koha item type
          Ken Walker International University Ken Walker International University 11/26/2020 353   616.8 A-48 353 11/26/2020 11/26/2020 Books

Powered by Koha